000 00794nam a2200217Ii 4500
003 JO-AjNU
008 230605s9999||||xx |||||||||||||| ||und||
017 _a2008/7/2298
040 _aJO-AjNU
_bara
_erda
_cJO-AjNU
041 _aara
050 1 4 _aLB1027.5.A28 2012
100 3 _aأبو أسعد، أحمد مؤلف/عربيات،أحمد م.مشارك,
_eauthor
_944581
245 0 0 _aنظريات الإرشاد النفسي والتربوي
250 _aط2،مزيدة ومنقحة
264 3 1 _aعمان:دار المسيرة،2012
300 _a455ص
336 _atext
_btxt
_2rdacontent
337 _aunmediated
_bn
_2rdamedia
338 _avolume
_bnc
_2rdacarrier
650 4 _aالإرشاد النفسي-التوجيه التربوي-علم النفس التربوي
_944582
999 _aA19260
_c22828
_d22828